LEADER 00697nac0-22002771i-450- 001 990006941630403321 005 20010730 035 $a000694163 035 $aFED01000694163 035 $a(Aleph)000694163FED01 035 $a000694163 100 $a20010730f189-1899km-y0itay50------ba 101 0 $aita 102 $aIT 105 $ay-------001yy 200 1 $aMilitarismo e patriottismo$fCelso Ferrari 210 $aMilano$cC. Aliprandi$d[189-?] 215 $a22 p.$d24 cm 676 $a306.27$v20$zita 700 1$aFerrari,$bCelso 801 0$aIT$bUNINA$gRICA$2UNIMARC 901 $aBK 912 $a990006941630403321 952 $aBUSTA 19[1] 4$b503$fFGBC 959 $aFGBC 997 $aUNINA LEADER 00745nam0-22002891i-450- 001 990000964470403321 035 $a000096447 035 $aFED01000096447 035 $a(Aleph)000096447FED01 035 $a000096447 100 $a20000920d1957----km-y0itay50------ba 101 0 $aeng 200 1 $aNumerical Methods$fby Andrew D. Booth 205 $a2nd ed. 210 $aLondon$cButterworths$d1957 610 0 $aAnalisi numerica e grafica 610 0 $aTrigonometria 676 $a515 700 1$aBooth,$bAndrew D.$045071 801 0$aIT$bUNINA$gRICA$2UNIMARC 901 $aBK 912 $a990000964470403321 952 $a16A-002.001$b517$fFI1 959 $aFI1 996 $aNumerical Methods$9358769 997 $aUNINA DB $aING01